000 01253nam a22003617a 4500
003 CHAP
005 20220329134512.0
008 971013s1979 r 00010 d
010 _a21279
011 _a22251
035 _a26345
040 _cCHAP
090 _aTesis
100 0 0 _aCisneros Aragón, César Eduardo.
_923439
245 _aEfecto de las variaciones de humedad del suelo en diferentes etapas de crecimiento del cultivo del trigo
260 _aChapingo, Méx. :
_bEl autor,
_c1979
300 _a86 h.
_b; apénd.
502 _aTesis (M.C. Esp. en Riego y Drenaje) -- CP. Rama de Riego y Drenaje
590 _aALEPH
_b10
_c20130110
_lUCH01
_h1245
590 _aBATCH-UPD
_b10
_c20130110
_lUCH01
_h1409
590 _aBATCH-UPD
_b10
_c20130410
_lUCH01
_h0856
590 _aBATCH-UPD
_b10
_c20130914
_lUCH01
_h0941
590 _aCONVERSION
_b10
_c20130109
_lUCH01
_h1313
650 1 4 _aSuelos
_xHumedad.
_9110391
650 1 4 _aTrigo
_xAgua requerida.
_9114956
650 1 4 _aTrigo
_xIrrigación.
_9115050
901 _aBK
942 _cFOLL
949 _bBC
_cTES
_d-60806
_eTS1
_i26345
_si
949 _bBC
_cTES
_d-60807
_eTS2
_fc.2
_i26345
_si
949 _bBC
_cTES
_d-60808
_eTS2
_fc.3
_i26345
_si
949 _bBC
_cTES
_d-60810
_eTS1
_fc.4
_h26378
_i26345
_si
999 _c21279
_d21279